Řízení strojírenských provozů

Enregistré dans:
Détails bibliographiques
Auteur principal: Follprecht, Jaroslav
Format: Livre
Langue:tchèque
Publié: Praha Státní nakladatelství technické literatury 1984
Tags: Ajouter un tag
Pas de tags, Soyez le premier à ajouter un tag!

MARC

LEADER 00000nam a2200000 4500
001 c114521
005 20260317135724.4
041 0 |a cze 
044 |a CZ 
245 1 0 |a Řízení strojírenských provozů  |c Jaroslav Follprecht 
264 1 |a Praha  |b Státní nakladatelství technické literatury  |c 1984 
300 |a 348 s. 
100 1 |a Follprecht, Jaroslav